Conservation of historic brick structures : case studies and reports of research. (Record no. 97520)

MARC details
000 -LEADER
fixed length control field 01083cam a2200301 4500
008 - FIXED-LENGTH DATA ELEMENTS--GENERAL INFORMATION
fixed length control field 090401t1998 xxu||||| |||| 00| 0 eng d
020 ## - INTERNATIONAL STANDARD BOOK NUMBER
International Standard Book Number 1873394349
035 ## - SYSTEM CONTROL NUMBER
System control number (Sirsi) u89939
041 ## - LANGUAGE CODE
Language code of text/sound track or separate title eng
050 ## - LIBRARY OF CONGRESS CALL NUMBER
Classification number 693.21
245 ## - TITLE STATEMENT
Title Conservation of historic brick structures : case studies and reports of research.
260 ## - PUBLICATION, DISTRIBUTION, ETC.
Place of publication, distribution, etc. Donhead St. Mary, Dorset
Name of publisher, distributor, etc. Donhead
Date of publication, distribution, etc. 1998
300 ## - PHYSICAL DESCRIPTION
Extent x,504p. : ill. ; 24cm.
350 ## - PRICE (NR) (BK AM CF MU VM SE) [OBSOLETE]
Price 48.5
520 ## - SUMMARY, ETC.
Summary, etc. A collection of papers which orginated as a NATO-CCMS pilot study coordinated by the German Environmental Protection Agency. Includes sections on masonry technology, degradation mechanisms, diagnosis of damage, laboratory tests, mortars and rendering, conservation treatments and case studies.
650 ## - SUBJECT ADDED ENTRY--TOPICAL TERM
Topical term or geographic name entry element AIR POLLUTION
650 ## - SUBJECT ADDED ENTRY--TOPICAL TERM
Topical term or geographic name entry element BRICKS
650 ## - SUBJECT ADDED ENTRY--TOPICAL TERM
Topical term or geographic name entry element BRICKWORK
650 ## - SUBJECT ADDED ENTRY--TOPICAL TERM
Topical term or geographic name entry element BUILDING DEFECTS
650 ## - SUBJECT ADDED ENTRY--TOPICAL TERM
Topical term or geographic name entry element SALT DAMAGE
650 ## - SUBJECT ADDED ENTRY--TOPICAL TERM
Topical term or geographic name entry element TERRACOTTA
690 ## - LOCAL SUBJECT ADDED ENTRY--TOPICAL TERM (OCLC, RLIN)
Topical term or geographic name as entry element CONSERVATION
700 ## - ADDED ENTRY--PERSONAL NAME
Personal name Baer, N.S.
International Standard Serial Number Editor
700 ## - ADDED ENTRY--PERSONAL NAME
Personal name Fitz, S.
International Standard Serial Number Editor
700 ## - ADDED ENTRY--PERSONAL NAME
Personal name Livingston, R.A.
International Standard Serial Number Editor
942 ## - ADDED ENTRY ELEMENTS (KOHA)
Suppress in OPAC 0
948 ## - LOCAL PROCESSING INFORMATION (OCLC); SERIES PART DESIGNATOR (RLIN)
c (OCLC) 25/11/1998
Holdings
Withdrawn status Lost status Source of classification or shelving scheme Damaged status Not for loan Home library Current library Shelving location Date acquired Cost, normal purchase price Total Checkouts Full call number Barcode Date last seen Date last checked out Copy number Cost, replacement price Price effective from Koha item type
    Dewey Decimal Classification     London London Books 26/11/1998 48.50 6 693.21 30056902 06/08/2019 17/06/2009 1 48.50 06/08/2019 Book